خمسة وسبعون عاما على إنشاء نقابة الصحفيين : (Record no. 25089)
[ view plain ]
| 000 -الفاتح | |
|---|---|
| حقل البيانات ثابتة الطول | 01221nam a22002895a 4500 |
| 003 - محدد رقم الضبط | |
| رقم الضبط | OSt |
| 005 - وقت وتاريخ اخر تعامل مع التسجيلة | |
| رقم الضبط | 20170821145902.0 |
| 008 - عناصر البيانات ثابتة الطول - معلومات عامة | |
| حقل البيانات ثابتة الطول | 170731s2016 ua gr f000 0 ara d |
| 017 ## - رقم الإيداع القانونى | |
| رقم الإيداع القانونى | 2016 / 8814 |
| 020 ## - الرقم الدولى المعيارى للكتب | |
| الرقم الدولى المعيارى للكتاب | 9789771812302 |
| 040 ## - مصدر الفهرسة | |
| وكالة الفهرسة الأصلية | EG-ScBUE |
| لغة الفهرسة | ara |
| وكالة النسخ | EG-ScBUE |
| 043 ## - رمز المنطقة الجغرافية | |
| رمز المنطقة الجغرافية | f-ua--- |
| 082 04 - رقم تصنيف ديوى العشرى | |
| رقم الطبعة | 22 |
| رقم التصنيف | 079.62 |
| رقم المادة | خ م س |
| 245 00 - بيان العنوان | |
| العنوان | خمسة وسبعون عاما على إنشاء نقابة الصحفيين : |
| بقية العنوان | مختارات من وثائق الأرشيف المصري / |
| بيان المسئوليه,etc | تقديم نيفين محمد ؛ تصدير حلمي النمنم. |
| 260 ## - PUBLICATION, DISTRIBUTION, ETC. (IMPRINT) | |
| مكان الناشر او الموزع | القاهرة : |
| اسم الناشر او الموزع | دار الكتب والوثائق القومية، |
| تاريخ النشر أو التوزيع | 2016. |
| 300 ## - الوصف المادى | |
| التعداد | 254 ص. ؛ |
| أبعاد الوعاء | 24 سم. |
| 500 ## - تبصرة عامة | |
| تبصرة عامة | إصدار خاص بمناسبة الاحتفال بمرور خمسة وسبعين عاما على إنشاء نقابة الصحفيين. |
| 541 ## - تبصرة المصدر المباشر للتزويد | |
| مصدر التزويد | إهداء من د. محمد شومان. |
| 590 ## - تبصرة محلية(RLIN) | |
| تبصرة محلية | دعاء |
| 610 27 - المدخل الاضافى بالموضوع-اسم هيئة | |
| مصدر الرأس أو المصطلح | BUEsh |
| اسم الهيئة أو اسم السلطة كمدخل | نقابة الصحفيين (مصر) |
| التقسيم الفرعي العام | تاريخ. |
| 650 #7 - المدخل الاضافى بالموضوع-مصطلح موضوعى | |
| مصدر الرأس أو المصطلح | BUEsh |
| مصطلح موضوعي أو اسم جغرافي كعنصر مدخل | الصحافة |
| التقسيم الفرعي الجغرافي | مصر |
| التقسيم الفرعي العام | تاريخ. |
| 651 ## - المدخل الاضافى بالموضوع - اسم جغرافى | |
| مصدر الرأس أو المصطلح | BUEsh |
| 653 ## - مصطلح تكشيفى غير مقيد | |
| Resource For college | Generalities |
| Arrived date list | July2017 |
| -- | August2017 |
| 700 1# - المدخل الاضافى - اسم شخصى | |
| الإسم الشخصى | نمنم، حلمي. |
| الدور | مصدر. |
| 700 1# - المدخل الاضافى - اسم شخصى | |
| الإسم الشخصى | محمد، نيفين، |
| الدور | مقدم. |
| 942 ## - عناصر المدخل الإضافي( كوها) | |
| مصدر التصنيف او مخطط الترفيف | Dewey Decimal Classification |
| حالة التراجع | حالة الفقد | مصدر التصنيف او خطة الترفيف | حالة تلف | ليس للاعارة | المكان الدائم | المكان الحالي | موقع الترفيف | تاريخ الاكتساب | Source of acquisition | رقم الاستدعاء | الباركود | Date last seen | تبصرة غير عامة( المفوع للعناصر المفقوده) | نوع الوعاء |
|---|---|---|---|---|---|---|---|---|---|---|---|---|---|---|
| Dewey Decimal Classification | Central Library | Central Library | First floor | 31/07/2017 | Donation | 079.62 خ م س | 000046194 | 15/07/2025 | إهداء من د. محمد شومان. | Book - Borrowing |